00707nam a2200229Ia 4500008004100000020001800041040001400059082002000073100002900093245003000122250001000152260003900162300001800201365002600219366000800245505001000253530003000263620010800293630003000401650001600431730003000447100315s9999 xx 000 0 und d a0286 1103 2  cENGLISH  b8764 a658.8  a"Smallbone, Douglas W. " aThe Practice of Marketing a2nd  aLondon bStaples Press  c1972  a"ix, 373p  " ePounds d1 b4.95  f0  gDBH  bDonated By RBI Library   a"Pricing, Sales Forecasting , Communication , sales foprce , Advertising , Sales Promotion , Control " aThe Practice of Marketing aMarketing  aThe Practice of Marketing